| 000 | 00790 a2200205 4500 | ||
|---|---|---|---|
| 020 | _a1558604154 | ||
| 040 |
_aDLC _bDLC |
||
| 082 | 0 | 0 | _a005.434 BER |
| 100 | 1 | _aBernstein, Philip A. | |
| 110 | _aEric Newcomer | ||
| 245 | 1 | 0 |
_aPrinciples of transaction processing _cPhilip A. Bernstein, Eric Newcomer |
| 260 |
_aSan Francisco, Calif. : _bMorgan Kaufmann Publishers, _cc1997. |
||
| 300 |
_axxiv, 358 p. : _bill. ; _c23 cm. |
||
| 440 | 4 | _aThe Morgan Kaufmann series in data management systems | |
| 650 | 0 | _aTransaction systems (Computer systems) | |
| 700 | 1 | _aNewcomer, Eric. | |
| 856 | 4 | 2 |
_3Publisher description _uhttp://www.loc.gov/catdir/description/els032/96047916.html |
| 856 | 4 | 2 |
_3Table of contents _uhttp://www.loc.gov/catdir/toc/els032/96047916.html |
| 942 |
_cBK _k005.434 BER _2ddc |
||
| 999 |
_c4319 _d4319 |
||